000 00517nam a22001697a 4500
005 20260313110802.0
008 260313b |||||||| |||| 00| 0 eng d
037 _cDSWL
040 _aDSWL
_cDSWL
041 _heng
100 _aGera, Ankita
_91131931
245 _aExperiences and challenges of single working women towards adoption and motherhood
260 _aDelhi,
_bDepartment of Social Work,
_c2016
300 _a94p
942 _2CC
_cTH
_n0
999 _c1715308
_d1715308